[Event "Vienna Silvester op-B"]
[Site "Vienna"]
[Date "2021.12.30"]
[Round "4"]
[White "Kaufmann, Robert"]
[Black "Jirovec, Peter"]
[Result "1-0"]
[WhiteElo "1353"]
[BlackElo "1741"]
[PlyCount "61"]
[EventDate "2021.12.27"]
[EventType "swiss"]
[EventRounds "7"]
[EventCountry "AUT"]
[SourceTitle "EXT 2023"]
[Source "ChessBase"]
[SourceDate "2022.10.05"]
[SourceVersion "1"]
[SourceVersionDate "2022.10.05"]
[SourceQuality "1"]

1. d4 Nf6 2. c4 c5 3. e3 cxd4 4. exd4 d5 5. Nc3 e6 6. c5 Nc6 7. Nf3 b6 8. Bb5 Bd7 9. Qa4 Qc8 10. Ba6 Qc7 11. Nb5 Qb8 12. g3 Nh5 13. b4 bxc5 14. bxc5 Be7 15. Rb1 0-0 16. Nc3 Qe8 17. Rb7 Ne5 18. Qd1 Nxf3+ 19. Qxf3 Nf6 20. Bf4 Bc6 21. Rc7 Bd8 22. Rxc6 Qxc6 23. Bb5 Qc8 24. Bd6 Ba5 25. Bxf8 Qxf8 26. 0-0 Rb8 27. a4 a6 28. Bxa6 Rb3 29. Rc1 Ne4 30. c6 Qd6 31. Nxe4 1-0

[Event "St Veit op-B 36th"]
[Site "St Veit"]
[Date "2017.07.08"]
[Round "1.7"]
[White "Litfin, Boris"]
[Black "Jirovec, Peter"]
[Result "1-0"]
[WhiteElo "1949"]
[BlackElo "1749"]
[PlyCount "75"]
[EventDate "2017.07.08"]
[EventType "swiss"]
[EventRounds "9"]
[EventCountry "AUT"]
[SourceTitle "EXT 2024"]
[Source "ChessBase"]
[SourceDate "2023.10.10"]
[SourceVersion "1"]
[SourceVersionDate "2023.10.10"]
[SourceQuality "1"]

1. e4 c5 2. c3 e6 3. d4 d5 4. exd5 Qxd5 5. Nf3 Nf6 6. Bd3 Nc6 7. 0-0 c4 8. Bc2 b5 9. Re1 Bd6 10. Nbd2 b4 11. Ne4 Nd7 12. Nxd6+ Qxd6 13. Qe2 Nb6 14. g3 0-0 15. Bf4 Qd7 16. Rad1 Bb7 17. Ng5 h6 18. Nh7 Nd5 19. Nxf8 Kxf8 20. Bd2 a5 21. Be4 Nce7 22. cxb4 axb4 23. Qxc4 Rc8 24. Qb3 Qb5 25. Rc1 Rxc1 26. Rxc1 Qe2 27. Qc2 f5 28. Bg2 Qa6 29. Bxd5 Nxd5 30. Bxb4+ Kg8 31. Ba3 Qb5 32. Re1 Qd7 33. Qc5 Qf7 34. Qd6 Nc7 35. Qf4 Nd5 36. Qe5 Nc7 37. Bd6 Ne8 38. Qxe6 1-0

[Event "Vienna Husek op-B"]
[Site "Vienna"]
[Date "2012.08.17"]
[Round "5"]
[White "Albadri, Samer"]
[Black "Jirovec, Peter"]
[Result "1-0"]
[WhiteElo "1765"]
[BlackElo "1881"]
[PlyCount "53"]
[EventDate "2012.08.13"]
[EventType "swiss"]
[EventRounds "7"]
[EventCountry "AUT"]
[SourceTitle "EXT 2014"]
[Source "ChessBase"]
[SourceDate "2013.11.20"]
[SourceVersion "1"]
[SourceVersionDate "2013.11.20"]
[SourceQuality "1"]

1. e4 e6 2. d4 d5 3. Nc3 Bb4 4. e5 c5 5. Bd2 cxd4 6. Nb5 Bxd2+ 7. Qxd2 Ne7 8. Nd6+ Kf8 9. Qf4 Nf5 10. Nxf5 exf5 11. 0-0-0 Nc6 12. Nf3 Qc7 13. Kb1 Be6 14. Bd3 Rc8 15. Rhe1 h6 16. h4 g6 17. Nxd4 Nxd4 18. Qxd4 a5 19. Qf4 Kg7 20. c3 Qb6 21. Ka1 Rhd8 22. g4 d4 23. gxf5 dxc3 24. bxc3 Bxf5 25. Bxf5 gxf5 26. Qxf5 Rxc3 27. Qf6+ 1-0

[Event "Vienna Husek op-B"]
[Site "Vienna"]
[Date "2012.08.15"]
[Round "3"]
[White "Mayrhuber, Nikola"]
[Black "Jirovec, Peter"]
[Result "0-1"]
[WhiteElo "1566"]
[BlackElo "1881"]
[PlyCount "100"]
[EventDate "2012.08.13"]
[EventType "swiss"]
[EventRounds "7"]
[EventCountry "AUT"]
[SourceTitle "EXT 2014"]
[Source "ChessBase"]
[SourceDate "2013.11.20"]
[SourceVersion "1"]
[SourceVersionDate "2013.11.20"]
[SourceQuality "1"]

1. e4 e6 2. d4 d5 3. Nd2 c5 4. c3 cxd4 5. cxd4 Nc6 6. Ngf3 Bb4 7. e5 Qb6 8. a3 Bxd2+ 9. Qxd2 Nge7 10. b4 0-0 11. Be2 Bd7 12. 0-0 Rac8 13. Bb2 Ng6 14. Rac1 a6 15. Rc2 Na7 16. Rfc1 Rxc2 17. Rxc2 Rc8 18. Rxc8+ Nxc8 19. Qc2 Qc6 20. Bd3 Qxc2 21. Bxc2 Bb5 22. a4 Bc4 23. Nd2 b5 24. axb5 axb5 25. Nxc4 dxc4 26. Be4 Nb6 27. Bc6 Nd5 28. Bxb5 c3 29. Ba3 c2 30. g3 Nxb4 31. f3 Ne7 32. Kf2 Ned5 33. Ke1 Nc3 34. Bc4 Nc6 35. Bb2 Na4 36. Bc1 Nxd4 37. Kf2 Nc5 38. Ke3 Ndb3 39. Bd2 c1Q 40. Bxc1 Nxc1 41. Kd2 N1b3+ 42. Kc3 Na5 43. Kb4 Nxc4 44. Kxc4 Nd7 45. Kd4 f6 46. f4 fxe5+ 47. fxe5 g5 48. Ke4 Kg7 49. h4 gxh4 50. gxh4 Kg6 0-1

[Event "St Veit op-B 29th"]
[Site "St Veit"]
[Date "2010.07.12"]
[Round "3"]
[White "Jirovec, Peter"]
[Black "Hackl, David"]
[Result "0-1"]
[WhiteElo "1868"]
[BlackElo "1933"]
[PlyCount "88"]
[EventDate "2010.07.10"]
[EventType "swiss"]
[EventRounds "9"]
[EventCountry "AUT"]
[SourceTitle "EXT 2011"]
[Source "ChessBase"]
[SourceDate "2010.11.26"]
[SourceVersion "1"]
[SourceVersionDate "2010.11.26"]
[SourceQuality "1"]

1. e4 c5 2. Nf3 d6 3. c3 Nf6 4. Qc2 e6 5. d4 cxd4 6. cxd4 Be7 7. Bd3 h6 8. 0-0 Nc6 9. a3 Bd7 10. Nc3 Rc8 11. Bd2 Na5 12. b3 Qb6 13. Rab1 0-0 14. Qa2 Nc6 15. Ne2 d5 16. e5 Ne4 17. Be3 f5 18. exf6 Nxf6 19. Ne5 Be8 20. Nf4 Na5 21. Rbc1 Rxc1 22. Rxc1 Qd6 23. f3 Nd7 24. Nxd7 Qxd7 25. a4 Nc6 26. Bb1 Nb4 27. Qd2 Rf6 28. Qc3 Qc6 29. Qd2 Qd7 30. Rc3 a5 31. Qc1 Bd6 32. Bd2 Nc6 33. Be3 Qc7 34. g3 Qd7 35. Qc2 g5 36. Nd3 Rxf3 37. Ne5 Bxe5 38. dxe5 Qf7 39. Qc1 d4 40. Rxc6 Bxc6 41. Bxd4 Rxb3 42. Qc2 Rf3 43. Qg6+ Qxg6 44. Bxg6 Ra3 0-1

[Event "Vienna op-B 14th"]
[Site "Vienna"]
[Date "2003.08.24"]
[Round "9"]
[White "Jirovec, Peter"]
[Black "Porkert, Piet"]
[Result "1-0"]
[WhiteElo "1792"]
[BlackElo "1560"]
[PlyCount "71"]
[EventDate "2003.08.16"]
[EventType "swiss"]
[EventRounds "9"]
[EventCountry "AUT"]
[SourceTitle "CBM 095 Extra"]
[Source "ChessBase"]
[SourceDate "2003.09.04"]
[SourceVersion "1"]
[SourceVersionDate "2003.09.04"]
[SourceQuality "1"]

1. b4 e6 2. Bb2 Nf6 3. a3 c5 4. b5 d5 5. e3 b6 6. Nf3 Nbd7 7. c4 Bb7 8. d4 dxc4 9. Bxc4 Be7 10. 0-0 0-0 11. Nbd2 cxd4 12. Bxd4 Bc5 13. Bb2 Qe7 14. Qc2 Rac8 15. Rfc1 Rc7 16. Qd1 Rfc8 17. Bd3 Bd6 18. a4 Nc5 19. Bc2 a6 20. Nc4 Rd8 21. Qe2 axb5 22. axb5 Ncd7 23. Rd1 Bc5 24. Nfe5 Nxe5 25. Nxe5 Nd7 26. Nxd7 Rcxd7 27. Qh5 Rxd1+ 28. Bxd1 Be4 29. Qe5 Qf6 30. Qxf6 gxf6 31. Bxf6 Ra8 32. Ra6 Kf8 33. Bf3 Rxa6 34. bxa6 Bxf3 35. gxf3 b5 36. Bd4 1-0

[Event "Vienna op-B 14th"]
[Site "Vienna"]
[Date "2003.08.20"]
[Round "5"]
[White "Jirovec, Peter"]
[Black "Schmall, Wilhelm"]
[Result "1-0"]
[WhiteElo "1792"]
[BlackElo "1702"]
[PlyCount "53"]
[EventDate "2003.08.16"]
[EventType "swiss"]
[EventRounds "9"]
[EventCountry "AUT"]
[SourceTitle "CBM 095 Extra"]
[Source "ChessBase"]
[SourceDate "2003.09.04"]
[SourceVersion "1"]
[SourceVersionDate "2003.09.04"]
[SourceQuality "1"]

1. b4 e5 2. Bb2 f6 3. a3 d5 4. e3 c5 5. c3 c4 6. d3 cxd3 7. Bxd3 a6 8. Qh5+ Ke7 9. Nd2 e4 10. Bc2 Qd7 11. Bb3 f5 12. Nh3 Kd8 13. Rd1 Nf6 14. Qe2 b5 15. c4 Bb7 16. Bxf6+ gxf6 17. cxd5 Bd6 18. 0-0 Rg8 19. f4 Qg7 20. Rf2 Nd7 21. Nf1 Qg4 22. Kh1 Rc8 23. Qd2 Ke7 24. Ng3 h5 25. Rg1 h4 26. Bd1 Qg7 27. Nxf5+ 1-0

[Event "Vienna op-B 14th"]
[Site "Vienna"]
[Date "2003.08.16"]
[Round "1"]
[White "Jirovec, Peter"]
[Black "Biolek, Richard Jr"]
[Result "0-1"]
[WhiteElo "1792"]
[BlackElo "1926"]
[PlyCount "66"]
[EventDate "2003.08.16"]
[EventType "swiss"]
[EventRounds "9"]
[EventCountry "AUT"]
[SourceTitle "CBM 095 Extra"]
[Source "ChessBase"]
[SourceDate "2003.09.04"]
[SourceVersion "1"]
[SourceVersionDate "2003.09.04"]
[SourceQuality "1"]

1. Nf3 d5 2. c4 e6 3. b3 Nf6 4. Bb2 c5 5. e3 Nc6 6. d4 cxd4 7. exd4 Bb4+ 8. Nbd2 Ne4 9. Bd3 Nxd2 10. Nxd2 dxc4 11. bxc4 Nxd4 12. 0-0 0-0 13. Ne4 f5 14. Ng3 e5 15. Ne2 Nxe2+ 16. Qxe2 e4 17. Bc2 Qd2 18. Qxd2 Bxd2 19. Rad1 e3 20. fxe3 Bxe3+ 21. Kh1 Be6 22. Rf3 f4 23. Rd6 Bg4 24. Rf1 Be2 25. Rb1 f3 26. Rd7 Bh6 27. Bxg7 Bxg7 28. Rbxb7 fxg2+ 29. Kg1 Be5 30. Bb3 Rf5 31. Rb5 Bd4+ 32. Kxg2 Bf1+ 33. Kg3 Raf8 0-1